[Event "Sunway Formentera op 1st"]
[Site "Sant Ferran de ses Roques"]
[Date "2022.05.08"]
[Round "10"]
[White "Moreno Cervera, Jose Luis"]
[Black "Dadashpour, Mohammad Yaser"]
[Result "0-1"]
[WhiteElo "1802"]
[BlackElo "1604"]
[PlyCount "92"]
[EventDate "2022.04.29"]
[EventType "swiss"]
[EventRounds "10"]
[EventCountry "ESP"]
[SourceTitle "EXT 2023"]
[Source "ChessBase"]
[SourceDate "2022.10.05"]
[SourceVersion "1"]
[SourceVersionDate "2022.10.05"]
[SourceQuality "1"]

1. d4 Nf6 2. Bf4 c5 3. e3 Qb6 4. Nc3 d6 5. a3 g6 6. Nf3 Bg7 7. Be2 0-0 8. 0-0 Nbd7 9. Na4 Qa5 10. c3 b5 11. dxc5 bxa4 12. cxd6 exd6 13. Qxd6 Qb6 14. Nd4 Bb7 15. Qb4 Nd5 16. Qxa4 Nc5 17. Qb5 Nxf4 18. exf4 Bxd4 19. cxd4 Qxb5 20. Bxb5 Ne6 21. Rfc1 Nxd4 22. Bc4 a5 23. Rd1 Rfd8 24. Rac1 Rac8 25. Kf1 Nf5 26. b3 a4 27. g4 Nd6 28. Ke2 Re8+ 29. Kf1 Nxc4 30. bxc4 Ba6 31. Rd4 Rxc4 32. Rcxc4 Rc8 33. Kg2 Rxc4 34. Rxc4 Bxc4 35. Kg3 f6 36. h4 Kf7 37. Kf3 Ke6 38. Ke3 f5 39. f3 Kd5 40. h5 gxh5 41. gxf5 h4 42. Kf2 h3 43. Kg3 Bf1 44. Kh2 Kd6 45. Kg1 Bg2 46. Kf2 Kd5 0-1